| 000 | 00577nam a2200193 a 4500 | ||
|---|---|---|---|
| 001 | 3975 | ||
| 005 | 20140414131912.0 | ||
| 008 | 040721s19uu xx 00 eng d | ||
| 020 | _a0-307-13272-2 | ||
| 050 |
_aER _bD61 2000 |
||
| 100 | _aBazaldua, C. | ||
| 245 |
_aDinosaur / _cadapted by C. Bazaldua ; illustrated by Disney Publishing Creative Development. |
||
| 260 |
_aNew York : _bA Golden Book, _c2000. |
||
| 300 | _a1 v. p. : ill. ; cm. | ||
| 440 | _aWalt Disney Pictures Presents | ||
| 650 |
_aDinosaurs _xFiction. |
||
| 650 | _aChildren stories. | ||
| 999 |
_c111276 _d111276 |
||